000 00408nam a2200181Ia 4500
005 20240823040222.0
008 240823s9999||||xx |||||||||||||| ||und||
041 _aTAMIL
082 _A920 Q1
100 _aChitharthan
245 0 _aPeruinthalaivar Kamarajar
250 _a1st
260 _c2011
_bKannappan Pathip
500 _aDISPLAY
650 _aGeneral
_bGeneral
942 _cBK
999 _c202573
_d202573